000 00540nam a2200205Ia 4500
005 20260429112205.0
008 260429s9999||||xx |||||||||||||| ||und||
020 _a9789356819214
041 _aEnglish
082 _a510
_bGKP
100 _aGKP
245 0 _aElementary and advanced mathematics /
_cGKP
250 _a1st ed.
260 _aNew Delhi :
_bCareer Luncher Infrastructure P. Ltd.,
_c2024.
300 _ap.; pbk
650 _a Advanced mathematics
650 _a Basic mathematics
650 _aMathematics
942 _cTB
999 _c52812
_d52812